000 00373nam a2200145Ia 4500
008 100122s9999 xx 000 0 und d
082 _b70273
_a823
100 _aराजे शैलजा
245 _aसावर
260 _bमनोरमा प्रकाशन
_c2006
300 _a166
630 _aसावर
730 _aसावर
942 _cBOOK
999 _c441263
_d441260